[Event "ROM-ch U10 Girls"]
[Site "Calimanesti"]
[Date "2014.04.12"]
[Round "8"]
[White "Cismaru, Alexandra Nicola"]
[Black "Matasaru, Stephanie"]
[Result "0-1"]
[WhiteElo "1092"]
[BlackElo "1197"]
[PlyCount "106"]
[EventDate "2014.04.06"]
[EventType "swiss"]
[EventRounds "9"]
[EventCountry "ROU"]
[SourceTitle "CBM 160 Extra"]
[Source "ChessBase"]
[SourceDate "2014.07.01"]
[SourceVersion "1"]
[SourceVersionDate "2014.07.01"]
[SourceQuality "1"]

1. e4 e5 2. Nf3 Nc6 3. Bc4 Bc5 4. c3 Nf6 5. d4 exd4 6. e5 d5 7. Bb5 Ne4 8. cxd4 Bb4+ 9. Bd2 Bxd2+ 10. Nbxd2 Bf5 11. 0-0 0-0 12. h3 a6 13. Bd3 Nxf2 14. Rxf2 Bxd3 15. Nb3 Be4 16. Qd2 f6 17. e6 Qd6 18. Nc5 b6 19. Nxe4 dxe4 20. d5 exf3 21. Rxf3 Ne5 22. Rf4 Rfe8 23. Qd4 Nd3 24. Re4 Qc5 25. Qxc5 Nxc5 26. Re3 Rad8 27. Rd1 Rxe6 28. Rxe6 Nxe6 29. b4 Nf4 30. a4 Rxd5 31. Re1 Rd4 32. b5 Rxa4 33. bxa6 Rxa6 34. Re8+ Kf7 35. Rc8 Ne6 36. Rh8 b5 37. Rxh7 b4 38. Rh4 Rb6 39. Rc4 b3 40. Rc1 b2 41. Rb1 Ke7 42. Kf1 Kd6 43. Ke2 Nc5 44. Rd1+ Ke5 45. Rb1 Na4 46. Kd2 Kd4 47. Kc2 Kc4 48. g4 g5 49. Kd2 Nc3 50. Kc2 Nxb1 51. Kxb1 Kb3 52. h4 Ra6 53. h5 Ra1# 0-1

[Event "ROM-ch U08 Girls"]
[Site "Calimanesti"]
[Date "2013.04.03"]
[Round "3"]
[White "Cismaru, Alexandra Nicola"]
[Black "Trifoi, Mihaela Ioana"]
[Result "0-1"]
[WhiteElo "1156"]
[BlackElo "1249"]
[PlyCount "105"]
[EventDate "2013.04.02"]
[EventType "swiss"]
[EventRounds "9"]
[EventCountry "ROU"]
[SourceTitle "CBM 153 Extra"]
[Source "ChessBase"]
[SourceDate "2013.04.22"]
[SourceVersion "1"]
[SourceVersionDate "2013.04.22"]
[SourceQuality "1"]

1. e4 e5 2. Nf3 Nc6 3. Bc4 h6 4. Nc3 Nf6 5. 0-0 Bc5 6. d3 0-0 7. h3 d6 8. Ne2 Nd4 9. Ng3 Nxf3+ 10. Qxf3 Be6 11. Bb3 c6 12. Re1 a6 13. c3 d5 14. d4 dxe4 15. Qe2 exd4 16. Rd1 Bd5 17. cxd4 Bb6 18. Be3 Re8 19. Qd2 Ba5 20. Qc1 Rc8 21. Bxh6 gxh6 22. Qxh6 Nh7 23. h4 Qf6 24. Qh5 Qg6 25. Qe2 Nf6 26. h5 Qg4 27. Qc2 Nxh5 28. Qc5 b6 29. Qd6 Nxg3 30. fxg3 Qe6 31. Qf4 Qg6 32. g4 c5 33. Bxd5 cxd4 34. Rf1 Re7 35. a3 b5 36. Rad1 Bb6 37. Rfe1 d3+ 38. Kf1 d2 39. Rxd2 e3 40. Rde2 Ba5 41. b4 Bb6 42. Kg1 Bc7 43. Qf3 Qh6 44. g3 Qh3 45. Qf5 Qxg3+ 46. Rg2 Qxe1+ 47. Qf1 Qxf1+ 48. Kxf1 e2+ 49. Ke1 Bg3+ 50. Rxg3 Rc1+ 51. Kf2 e1Q+ 52. Kg2 Qe2+ 53. Kh3 0-1